000 00489nam a22001577a 4500
003 macl
005 20190715133114.0
008 190715b xxu||||| |||| 00| 0 eng d
040 _cmacl
082 _a920/SIN
100 _aसंचिता , सिंह
_975944
245 _aपथ प्रदर्शक विवेकानन्‍द
260 _aदिल्‍ली
_bसनशाइन बुक्‍स
_c2015
650 _aजीवनी
_97943
942 _2ddc
_cHIN
999 _c60541
_d60541